000 00576nam a2200121Ia 4500
008 220615s9999||||xx |||||||||||||| ||und||
100 _aGennetian, Lisa A.
245 0 _aChapter 4 How a Behavioral Economic Framework Can Support Scaling of Early Childhood Interventions
546 _aEnglish[eng]
650 _aeconomics, early childhood, education, public policy, children, behavioral economics, BE, social psychology, parent, intervention, scaling
856 _uhttps://library.oapen.org/bitstream/20.500.12657/50340/1/9780367822972_10.4324_9780367822972-4.pdf
942 _cEB
999 _c15699
_d15699